Sociedad, espacio, cultura : la Argentina. América Latina /

Guardado en:
Autor Principal: Prislei, Leticia
Otros Autores: Geli, Patricio, Tobio, Omar
Formato: Libro
Publicado: Buenos Aires : Kapelusz, 1998
Series:Realidades
Materias:
Etiquetas: Agregar Etiqueta
Sin Etiquetas, Sea el primero en etiquetar este registro!
LEADER 01513nam a22002775a 4500
001 CEM.cems009732
008 130507s1998##################000#0#####d
005 20231107152242.0
245 1 0 |a Sociedad, espacio, cultura :  |b la Argentina. América Latina /  |c Leticia Prislei, Patricio Geli, Omar Tobío. 
260 |a Buenos Aires :  |b Kapelusz,  |c 1998 
300 |a 331 p. 
490 0 |a Realidades 
505 0 |a Indígenas y europeos -- La época colonial -- Hacia la construcción de la Argentina -- La modernización en la Argentina (1860-1930) -- La vertiginosa sociedad de masas (1930-1976) -- Los cambios actuales en el trabajo, la economía y el espacio geográfico -- De la dictadura a la construcción de la democracia -- Aspectos y problemas ambientales -- Algunas escenas de la vida cultural en la actualidad -- Las ciudades y la población de la Argentina en relación con América Latina -- La relación entre las problemáticas socioeconómicas y las ambientales en América Latina 
020 |a 9501308103 
100 1 |a Prislei, Leticia 
700 1 |a Geli, Patricio 
700 1 |a Tobio, Omar 
082 0 4 |a Z982 
653 |a Historia 
653 |a Historia-américa latina 
653 |a Historia argentina 
653 |a Ciencias sociales-egb 
859 |a CEMS  |b BIB. CEMS - 11 de abril  |h 982  |i P925  |p 20030.98  |t Ej.1 
859 |a CEMS  |b BIB. CEMS - 11 de abril  |h 982  |i P925  |p 20031.98  |t Ej.2 
859 |a CEMS  |b BIB. CEMS - 11 de abril  |h 982  |i P925  |p 29351.22  |t Ej.3 
859 |a CEMS  |b BIB. CEMS  |h 982  |i P925  |p 29788.23  |t Ej.4